| 000 | 00509nam a2200145 4500 | ||
|---|---|---|---|
| 999 |
_c15548 _d15548 |
||
| 008 | 200527b ||||| |||| 00| 0 eng d | ||
| 022 | _a2094-8042 | ||
| 082 | _aDPer 370.105 M72 June 2010-Mar 2011 v. 59 n. 1-10 | ||
| 100 |
_aBonilla-de la Cruz, Clarybel _942222 |
||
| 245 |
_aA thanksgiving message/ _cClarybel Bonilla-de la Cruz. |
||
| 260 |
_aPhilippines: _bIn the Grade School, Inc., _cc2010-2011. |
||
| 300 |
_av59 n6, page 257: _billustrations; _c28 cm. |
||
| 650 |
_aSpeeches. _942161 |
||
| 942 |
_2ddc _cPER |
||